| 000 | 01649nam a2200409 i 4500 | ||
|---|---|---|---|
| 001 | 79664 | ||
| 003 | FlNmELB | ||
| 005 | 20241217151706.0 | ||
| 006 | m o d | | ||
| 007 | cr cnu|||||||| | ||
| 008 | 150608s2010 sp o 000 0 spa d | ||
| 020 | _z9788436949629 | ||
| 035 | _a(MiAaPQ)EBC3198916 | ||
| 035 | _a(Au-PeEL)EBL3198916 | ||
| 035 | _a(CaPaEBR)ebr10560009 | ||
| 035 | _a(OCoLC)1105494080 | ||
| 040 |
_aFINmELB _bspa _erda _cFINmELB |
||
| 050 | 4 |
_aLB1025 _bG175 2010 |
|
| 080 | _a37 | ||
| 082 | 0 |
_a370.71 _223 |
|
| 100 | 1 | _aGallur Muleiro, Mercedes. | |
| 245 | 1 | 0 |
_aProgramación didáctica de ESPA. Programaciones didácticas. Nivel I - Módulo I. Ámbito social / _cMercedes Gallur Muleiro, María Dolores García de Diego, Miguel Ángel Martínez Martínez. |
| 264 | 1 |
_aEspaña : _bMinisterio de Educación de España, _c[2010] |
|
| 300 | _a1 recurso en línea (52 páginas) | ||
| 336 |
_atexto _btxt _2rdacontent/spa |
||
| 337 |
_acomputadora _bc _2rdamedia/spa |
||
| 338 |
_arecurso en línea _bcr _2rdacarrier/spa |
||
| 588 | _aDescripción basada en recurso en línea; Título de la página del título en PDF (e-libro, visto June 08, 2015). | ||
| 590 | _aRecurso electrónico. Santa Fe, Arg.: e-libro, 2015. Disponible vía World Wide Web. El acceso puede estar limitado para las bibliotecas afiliadas a e-libro. | ||
| 650 | 4 | _aEducación. | |
| 650 | 0 | _aEducation. | |
| 655 | 4 | _aLibros electrónicos. | |
| 700 | 1 | _aGarcía de Diego, María Dolores. | |
| 700 | 1 | _aMartínez Martínez, Miguel Ángel. | |
| 797 | 2 | _ae-libro, Corp. | |
| 856 | 4 | 0 | _uhttps://elibro.net/ereader/politecnicointernacional/49204 |
| 999 |
_c79664 _d79664 |
||